Tribhuvan University Central Library

The developmental psychology of Jean Piaget: (Record no. 57801)

MARC details
000 -LEADER
fixed length control field 00588 a2200205 4500
041 ## - LANGUAGE CODE
Language code of text/sound track or separate title Eng
082 ## - DEWEY DECIMAL CLASSIFICATION NUMBER
Classification number 136.72
Item number P571f
100 ## - MAIN ENTRY--PERSONAL NAME
Personal name Flavell, John Hurley, 1923-
9 (RLIN) 17311
245 ## - TITLE STATEMENT
Title The developmental psychology of Jean Piaget:
Remainder of title with a forewrod
260 ## - PUBLICATION, DISTRIBUTION, ETC.
Place of publication, distribution, etc. Princeton (N.J.)
Name of publisher, distributor, etc. Van Nostrand
Date of publication, distribution, etc. 1963
300 ## - PHYSICAL DESCRIPTION
Extent xvi, 472p. illus.
504 ## - BIBLIOGRAPHY, ETC. NOTE
Bibliography, etc. note Bibliography: p.447-462
650 ## - SUBJECT ADDED ENTRY--TOPICAL TERM
Topical term or geographic name entry element Development psychology
9 (RLIN) 17312
650 ## - SUBJECT ADDED ENTRY--TOPICAL TERM
Topical term or geographic name entry element Child psychology
650 ## - SUBJECT ADDED ENTRY--TOPICAL TERM
Topical term or geographic name entry element Child development
650 ## - SUBJECT ADDED ENTRY--TOPICAL TERM
Topical term or geographic name entry element Experiments
9 (RLIN) 8069
653 ## - INDEX TERM--UNCONTROLLED
Uncontrolled term Psychology
942 ## - ADDED ENTRY ELEMENTS (KOHA)
Source of classification or shelving scheme Dewey Decimal Classification
Koha item type General Collections
518 ## - DATE/TIME AND PLACE OF AN EVENT NOTE
-- 2967-11-3
Holdings
Withdrawn status Lost status Source of classification or shelving scheme Damaged status Not for loan Home library Current library Date acquired Total Checkouts Full call number Barcode Date last seen Price effective from Koha item type
    Dewey Decimal Classification     Tribhuvan University Central Library Tribhuvan University Central Library 02/15/2011   136.72 P571f 45258 02/15/2011 02/15/2011 General Collections